000 00834nam a2200205Ii 4500
003 JO-AjNU
008 230605s9999||||xx |||||||||||||| ||und||
017 _a1999/4820
040 _aJO-AjNU
_bara
_erda
_cJO-AjNU
041 _aara
050 1 4 _aDS62.2.F35 1999
100 3 _aتاليف فخرى، أحمد,
_eauthor
_939547
245 0 0 _a دراسات في تاريخ الشرق القديم: مصر والعراق- سوريا- اليمن- إيران : مختارات من الوثائق التاريخية 
264 3 1 _aالقاهرة: مكتبة الانجلو المصرية، 1999
300 _a288ص
_bلوحات توضيحية
336 _atext
_btxt
_2rdacontent
337 _aunmediated
_bn
_2rdamedia
338 _avolume
_bnc
_2rdacarrier
650 4 _aالعالم العربي- التاريخ القديم
_939548
999 _aA16711
_c20279
_d20279